000 00437nam a22001817a 4500
003 CEME
005 20210628210657.0
008 210211b xxu||||| |||| 00| 0 eng d
020 _a81-203-1561-8
040 _c.
082 _a004.67 FAR
100 _aFarrar, Brain
_980479
245 _aUsing activex special edition
260 _aNEW DELHI
_bPRENTICE HALL
_c1999
300 _a389P
650 _aACTIVEX
_980480
942 _cBK
_2ddc
999 _c585405
_d585405